000 01057nam a2200289Ia 4500
001 ebr5006988
003 CaPaEBR
006 m u
007 cr cn|||||||||
008 990309s1999 enk s 000 0 eng d
015 _aGB99-Y6338
020 _z0854042148
040 _aCaPaEBR
_cCaPaEBR
035 _a(OCoLC)70763986
050 1 4 _aQD1
_bC38 1999eb
082 0 4 _a541.39505
_221
245 0 0 _aCatalysis.
_nVol. 14
_h[electronic resource] /
_csenior reporter, J. J. Spivey.
260 _aCambridge :
_bRoyal Society of Chemistry,
_c1999.
300 _a304 p.
533 _aElectronic reproduction.
_bPalo Alto, Calif. :
_cebrary,
_d2013.
_nAvailable via World Wide Web.
_nAccess may be limited to ebrary affiliated libraries.
650 0 _aCatalysis
_vPeriodicals.
655 7 _aElectronic books.
_2local
700 1 _aSpivey, J. J.
710 2 _aebrary, Inc.
830 0 _aSpecialist periodical report.
856 4 0 _uhttp://site.ebrary.com/lib/rucke/Doc?id=5006988
_zAn electronic book accessible through the World Wide Web; click to view
999 _c21105
_d21105